[Event "POR-ch 2020"]
[Site "Portimao"]
[Date "2020.09.11"]
[Round "6.3"]
[White "Fernandes, Antonio"]
[Black "Veiga, Jose Francisco R P N"]
[Result "1/2-1/2"]
[WhiteElo "2359"]
[BlackElo "2344"]
[Annotator "TA"]
[PlyCount "150"]
[EventDate "2020.09.07"]
[EventType "tourn"]
[EventCountry "POR"]
[SourceTitle "playchess.com"]
[Source "ChessBase"]
[SourceQuality "1"]

{[%evp 18,150,43,6,39,53,46,48,71,22,44,35,29,33,39,-3,-10,-9,6,-20,30,26,37,45,50,47,39,36,64,64,95,63,75,62,57,52,58,56,66,64,58,2,50,41,50,37,37,32,37,38,43,40,133,134,136,129,128,127,133,125,155,136,138,102,92,94,124,100,94,94,94,68,223,223,231,0,0,0,231,238,383,376,546,290,1533,1618,1743,1664,1211,587,568,0,0,0,0,0,0,0,0,0,0,0,0,0,0,0,0,0,0,0,0,0,0,0,0,0,0,0,0,0,0,0,0,0,0,0,0,0,0,0,0,0,0,0,0]} 1. Nf3 Nf6 2. g3 g6 3. Bg2 Bg7 4. O-O O-O 5. d4 c5 6. c4 d6 7. dxc5 dxc5 8. Bf4 Nc6 9. Nc3 {[%cal Bb1c3,Bc3d5,Bd5e3,Be3g4,Bg4e5][%mdl 32]} Qa5 {9...Nh5 is the modern continuation.} 10. Bd2 Bd7 {E65: King's Indian: Fianchetto: 6...c5 7 0-0 without d5 by White.} 11. Nd5 Qd8 12. Bc3 Ne8 {[#] White is slightly better.} 13. Qb3 $146 ({Predecessor:} 13. Bxg7 Nxg7 14. Qd2 Bg4 15. Rad1 Bxf3 16. Bxf3 e6 17. Nc3 Qxd2 18. Rxd2 Ne5 19. Bxb7 Nxc4 {1-0 (52) Esposito,A-Scanavino,E Buenos Aires 1963}) 13... Bxc3 14. Qxc3 e6 15. Ne3 Qf6 16. Qd2 Rd8 17. Ng4 Qg7 18. Qe3 Nd4 19. Rad1 $36 {[%cal Rf3d4][%mdl 2048] White is pushing.} Bc6 20. Nge5 {[%cal Rf3d4]} Bxf3 21. Nxf3 b6 22. Nxd4 cxd4 23. Qa3 Rd7 24. b4 Qe5 25. c5 bxc5 26. bxc5 {[%cal Bb4c5,Bc5c6][%mdl 32]} Nf6 27. c6 Rc7 28. Qb2 Nd5 29. Qxd4 (29. Rxd4 $14 Rxc6 30. Bxd5 exd5 31. e3) 29... Qxd4 30. Rxd4 Rxc6 31. Bxd5 exd5 $14 {[%mdl 4096] Endgame KRR-KRR} 32. Rfd1 Rc2 33. R1d2 Rxd2 34. Rxd2 {KR-KR} Rc8 (34... Rd8 $14) 35. Rxd5 $16 Rc2 36. Ra5 Rxe2 37. Rxa7 Kg7 38. h4 h5 39. Kg2 Kf6 40. a4 Ra2 41. Kf3 Rb2 42. a5 Ra2 43. a6 Ra4 44. Ke3 Ra2 $2 ({Better is} 44... g5 $1 $14) 45. f3 $18 Ke5 46. Re7+ $2 ({Resist} 46. Rxf7 Ra3+ 47. Ke2 Ra2+ 48. Ke3 Ra3+ 49. Ke2 Ra2+ 50. Ke3 $16) (46. Ra8 $18) 46... Kf6 $1 $11 {[%cal Rf6e7]} 47. Ra7 $2 (47. Re4 $11) 47... Ke5 $18 48. Kd3 (48. Rxf7 Ra3+ 49. Kd2 Ra2+ 50. Ke1 Ra1+ 51. Kf2 Ra2+ 52. Ke3 Ra3+ 53. Kf2 Ra2+ 54. Kg1 Ra1+ 55. Kh2 Ra2+ 56. Kh3 Rxa6 $16) 48... Ra3+ (48... Kd5 $142 49. Kc3 (49. Rxf7 Rxa6 50. Re7 Ra1 $16) 49... f6) 49. Kc4 Rxf3 (49... Ra2 {keeps fighting.} 50. Kb5 Rb2+ 51. Kc4 Ra2) 50. Re7+ Kf6 $2 (50... Kd6 51. a7 Ra3 52. Rxf7 Kc6) 51. Re4 Rxg3 52. Kb5 Rd3 53. a7 (53. Rf4+ $142 Ke6 54. Rb4) 53... Rd8 {[#]} 54. Ra4 $2 (54. Rf4+ $1 $18 Ke6 55. Rb4) 54... Ra8 $11 {The position is equal.} 55. Rf4+ Kg7 56. Kb6 {Black must now prevent Rf1.} g5 $1 {[%cal Rg5f4]} 57. hxg5 Kg6 58. Kb7 Re8 59. Re4 Rd8 $1 60. Re5 h4 61. a8=Q Rxa8 62. Kxa8 {KR-KPP} h3 63. Kb7 h2 64. Re1 {[#] Rh1 is the strong threat.} Kxg5 65. Rh1 Kg4 66. Rxh2 {KR-KP} f5 67. Rg2+ Kf3 68. Ra2 {White threatens Kc6 and mate.} f4 69. Kc6 Kg3 70. Kd5 {White wants to mate with Ke4.} f3 71. Ra3 {Ke4 would kill now.} Kg2 72. Ke4 f2 73. Ra2 {Threatening mate with Ke3.} Kg1 74. Ra1+ f1=R 75. Ra8 Rf7 {Black escapes into a draw. Accuracy: White = 73%, Black = 65%.} 1/2-1/2

[Event "POR-ch 2020"]
[Site "Portimao"]
[Date "2020.09.11"]
[Round "6.4"]
[White "Santos, Antonio P"]
[Black "Diogo, Vasco"]
[Result "0-1"]
[WhiteElo "2160"]
[BlackElo "2207"]
[Annotator "TA"]
[PlyCount "82"]
[EventDate "2020.09.07"]
[EventType "tourn"]
[EventCountry "POR"]
[SourceTitle "playchess.com"]
[Source "ChessBase"]
[SourceQuality "1"]

{[%evp 21,82,51,64,60,75,64,61,48,63,40,78,38,39,18,36,35,50,-28,-23,-19,-15,-25,-14,-24,-14,-29,-30,-83,-75,-177,-179,-187,-177,-244,-246,-262,-187,-315,-353,-359,-352,-344,-259,-248,-234,-286,-270,-291,-288,-285,-283,-259,-283,-352,-353,-285,-280,-478,-484,-473,-458,-1006,-991]} 1. d4 Nf6 2. c4 g6 3. Nc3 Bg7 4. e4 d6 5. Nf3 O-O 6. Be2 e5 7. O-O Nc6 8. d5 Ne7 9. Ne1 Ne8 10. Nd3 f5 11. f3 f4 12. Bd2 {E98: King's Indian: Classical Main Line: 9 Ne1.} h5 13. c5 g5 14. cxd6 {White is slightly better.} cxd6 15. Nf2 Kh8 16. Qc2 Ng8 17. Rfc1 a6 18. a4 {[#]} Nh6 $146 ({Predecessor:} 18... Rf6 19. Ra3 Rg6 20. h3 Nh6 21. Ncd1 g4 22. fxg4 hxg4 23. hxg4 Nxg4 24. Nxg4 Bxg4 25. Bxg4 Rxg4 {0-1 (44) Nicolas,T (1938)-Lagunes,J (2095) France 2008}) 19. h3 (19. Qd1 $14) 19... Bf6 $11 20. Ncd1 Rg8 21. Ra3 Bd7 22. Be1 Rg7 23. Rc3 Qb8 24. b4 (24. Qb3 $11 {keeps the balance.}) 24... Bd8 $17 25. b5 (25. a5 $17 {might work better.}) 25... Ba5 $19 26. bxa6 Bxc3 27. Nxc3 (27. Qxc3 $142 bxa6 28. Qa3) 27... bxa6 28. Rb1 Qa7 29. a5 (29. Qb3 $142) 29... g4 30. hxg4 hxg4 31. Rb6 gxf3 32. Bxf3 Qc7 33. Qd3 Qc8 34. Kf1 Nf7 35. Bh5 Kg8 36. Be2 Nc7 37. Qf3 Ng5 38. Qh5 Ne8 39. Ng4 $2 {[#]} (39. Qh6) 39... Nf7 {Black is clearly winning.} 40. Nf2 Nf6 41. Qf3 (41. Qh1 $142 Qc5 42. Qh4 Qxa5 43. Rxd6 {[%mdl 64] Decoy} Nxd6 44. Qxf6) 41... Rg3 {White did not feel at home in the position after the opening. Accuracy: White = 51%, Black = 89%.} 0-1

[Event "POR-ch 2020"]
[Site "Portimao"]
[Date "2020.09.11"]
[Round "6.5"]
[White "Fidalgo, Andre Neves"]
[Black "Martins, Bruno Andre Leite"]
[Result "1/2-1/2"]
[WhiteElo "2268"]
[BlackElo "2248"]
[Annotator "TA"]
[PlyCount "107"]
[EventDate "2020.09.07"]
[EventType "tourn"]
[EventCountry "POR"]
[SourceTitle "playchess.com"]
[Source "ChessBase"]
[SourceQuality "1"]

{[%evp 19,107,-7,16,11,16,5,15,-27,-18,-47,-16,-80,-70,-106,4,-29,16,-23,-22,-23,-25,-76,69,0,0,0,542,0,0,0,0,0,-12,-97,-59,-335,-318,-704,-475,-661,-694,-688,-649,-632,-658,-617,-293,-308,-291,-296,-301,-274,0,0,0,0,0,0,0,0,0,0,0,-18,-9,-85,-93,-80,-66,-84,-86,-218,-218,-208,-141,-730,-701,-493,-508,-1215,0,0,0,0,0,0,0,0,0,0]} 1. d4 f5 2. c4 Nf6 3. Nf3 g6 4. g3 Bg7 5. Bg2 O-O 6. O-O d6 7. Nc3 c6 8. d5 e5 9. dxe6 Bxe6 10. Qd3 Ng4 11. Ng5 {A88: Dutch Defence: Leningrad System: 5 Nf3 0-0 6 0-0 d6 7 Nc3 c6.} Bc8 12. Qc2 Na6 13. a3 {[#]} Nc5 $146 ({Predecessor:} 13... Qf6 14. Bd2 h6 15. Nh3 Be6 16. b3 Rad8 17. Nf4 Bf7 18. Rad1 Nc7 19. e4 a6 20. exf5 gxf5 {1-0 (41) Pham,M (2479)-Spraggett,K (2591) France 2008}) 14. Nh3 h6 15. Nf4 (15. b4 $11 Ne6 16. Bb2) 15... g5 $17 16. Nd3 Ne6 ({Better is} 16... Nxd3 $17 17. exd3 f4) 17. e3 $11 Qe8 18. Ne2 Qh5 {[%csl Gg4][%cal Rh5h2]} 19. h3 Ne5 20. f4 (20. Nxe5 $11 dxe5 21. Rb1) 20... Ng6 (20... Nxd3 $1 $17 21. Qxd3 Nc5) 21. Bd2 (21. Re1 $14) 21... Qxe2 22. Bf3 {[#]} Nexf4 $2 {[%mdl 8192]} (22... Nd4 $1 $11 23. exd4 Bxd4+ 24. Kh1 Qe7) 23. exf4 $2 (23. gxf4 $18 Qxf1+ 24. Rxf1) 23... Bd4+ 24. Kh1 Qe7 25. Rae1 Qf6 26. fxg5 (26. Bh5 $11) 26... hxg5 $17 27. Qc1 $2 {[%mdl 8192] [#]} (27. Bg2 $15) 27... Qh8 $1 {[%cal Rh8h3]} 28. Kg2 $2 (28. Bg2 f4 29. Bc3) 28... g4 29. hxg4 fxg4 {[%csl Gc8,Gg4][%cal Rh8h3]} 30. Bd5+ cxd5 {[%csl Gc8,Gg4][%cal Rh8h3]} 31. Rxf8+ Nxf8 {[%csl Gc8,Gg4][%cal Rh8h3]} 32. Bh6 {intending Qg5+.} Bf5 (32... Qf6 $142 33. Be3 Bxe3 34. Qxe3 dxc4) 33. Qg5+ $19 {[#]} Bg6 $1 ({Weaker is} 33... Bg7 34. Qxf5 Qxh6 35. Qxd5+ Ne6 36. Qxe6+ Qxe6 37. Rxe6 $14) 34. Re7 Qf6 35. Qxd5+ Kh8 $2 (35... Ne6 $19 36. Rxe6 Bf7 {[%mdl 64] Skewer} 37. Rxf6 Bxd5+ 38. cxd5 Bxf6) 36. Bg7+ $11 Qxg7 $1 37. Rxg7 Bxg7 38. Nf4 Bh7 39. Qxb7 Re8 {Hoping for ...Be4+.} 40. Qxa7 Bxb2 41. a4 Be4+ 42. Kf2 (42. Kf1 $11 {remains equal.}) 42... Kg8 $17 43. a5 Ba3 44. Qc7 Bc5+ 45. Ke1 (45. Kf1 $17) 45... Ng6 $19 46. Nh5 {[%csl Gh5][%cal Rc7g7]} Re7 47. Qb8+ $2 {[%mdl 8192]} (47. Qc8+ $17 Kf7 48. Kd1) 47... Kf7 48. Kd2 Ne5 49. Qh8 {[#]} (49. a6 $142 Bd4 50. Nf4) 49... Nxc4+ $2 ({Black should try} 49... Nf3+ $1 $19 50. Kd1 Bd4) 50. Kc3 $1 $11 {[%cal Rc3c4] The position is equal.} Ne5 {White must now prevent ...Nc6.} 51. Qf6+ $1 Ke8 52. Qh8+ Kf7 {And now ...Nc6 would win.} 53. Qf6+ $1 Ke8 {Threatens to win with ...Kd7.} 54. Qh8+ {What a bad dream for Black. Accuracy: White = 42%, Black = 60%.} 1/2-1/2

[Event "POR-ch 2020"]
[Site "Portimao"]
[Date "2020.09.12"]
[Round "7.1"]
[White "Martins, Bruno Andre Leite"]
[Black "Rocha, Sergio"]
[Result "1/2-1/2"]
[WhiteElo "2248"]
[BlackElo "2341"]
[Annotator "TA"]
[PlyCount "20"]
[EventDate "2020.09.07"]
[EventType "tourn"]
[EventCountry "POR"]
[SourceTitle "playchess.com"]
[Source "ChessBase"]
[SourceQuality "1"]

{[%evp 10,20,12,0,7,-7,-2,-6,0,-2,5,7,42]} 1. d4 d5 2. Bf4 Nf6 3. e3 c6 4. c3 Bf5 5. Bd3 e6 6. Nf3 {The position is equal.} Bd6 {D02: 1 d4 d5 2 Nf3 sidelines, including 2...Nf6 3 g3 and 2...Nf6 3 Bf4.} 7. Ne5 Bxd3 8. Qxd3 Nh5 {[#]} 9. Qe2 $146 ({Predecessor:} 9. Bg3 Qe7 10. Nd2 Nd7 11. Nxd7 Qxd7 12. Bxd6 Qxd6 13. O-O O-O 14. c4 dxc4 15. Qxc4 {1-0 (67) Podvrsnik,M (2205)-Kovac,M (2090) Celje 2006}) 9... g6 10. Nd2 Qe7 {An uneventful encounter.} 1/2-1/2

[Event "POR-ch 2020"]
[Site "Portimao"]
[Date "2020.09.12"]
[Round "7.2"]
[White "Diogo, Vasco"]
[Black "Fidalgo, Andre Neves"]
[Result "0-1"]
[WhiteElo "2207"]
[BlackElo "2268"]
[Annotator "ChessBase"]
[PlyCount "84"]
[EventDate "2020.09.07"]
[EventType "tourn"]
[EventCountry "POR"]
[SourceTitle "playchess.com"]
[Source "ChessBase"]
[SourceQuality "1"]
[TimeControl "5400+30"]

1. e4 {[%emt 0:00:00]} c5 {[%emt 0:00:00]} 2. Nf3 {[%emt 0:00:00]} Nc6 {[%emt 0:00:00]} 3. d3 {[%emt 0:01:50]} g6 {[%emt 0:00:00]} 4. g3 {[%emt 0:00:03]} Bg7 {[%emt 0:00:00]} 5. Bg2 {[%emt 0:00:05]} d6 {[%emt 0:00:05]} 6. O-O {[%emt 0:00:08]} Nf6 {[%emt 0:00:06]} 7. Re1 {[%emt 0:00:45]} O-O {[%emt 0:00:39]} 8. c3 {[%emt 0:00:11]} e5 {[%emt 0:00:07]} 9. a3 {[%emt 0:02:12]} h6 {[%emt 0:01:05]} 10. b4 {[%emt 0:00:20]} Be6 {[%emt 0:04:34]} 11. h3 {[%emt 0:03:47]} Qd7 {[%emt 0:01:09]} 12. Kh2 {[%emt 0:00:11]} b6 {[%emt 0:00:49]} 13. Nbd2 {[%emt 0:03:27]} Rad8 {[%emt 0:04:06]} 14. Rb1 {[%emt 0:01:21]} Nh7 {[%emt 0:02:34]} 15. Nf1 {[%emt 0:15:20]} f5 {[%emt 0:11:48]} 16. exf5 {[%emt 0:11:48]} gxf5 {[%emt 0:02:15]} 17. d4 {[%emt 0:07:31]} exd4 {[%emt 0:04:11]} 18. cxd4 {[%emt 0:01:22]} Ba2 {[%emt 0:07:06]} 19. Rb2 {[%emt 0:04:39]} Bf7 {[%emt 0:00:11]} 20. dxc5 {[%emt 0:01:33]} dxc5 {[%emt 0:05:06]} 21. Rd2 {[%emt 0:01:42]} Qc8 {[%emt 0:00:06]} 22. b5 {[%emt 0:02:56]} Nd4 {[%emt 0:05:27]} 23. Nxd4 {[%emt 0:09:37]} cxd4 {[%emt 0:00:46]} 24. Rc2 {[%emt 0:04:14]} Qd7 25. Bc6 Qd6 {[%emt 0:01:36]} 26. Qd3 {[%emt 0:00:40]} Ng5 {[%emt 0:03:10]} 27. Bf4 {[%emt 0:01:02]} Qg6 {[%emt 0:00:11]} 28. Nd2 {[%emt 0:01:58]} Ne6 {[%emt 0:00:25]} 29. Be5 {[%emt 0:01:15]} Nc5 {[%emt 0:02:06]} 30. Qf3 {[%emt 0:07:21]} f4 {[%emt 0:00:51]} 31. Rcc1 {[%emt 0:04:14]} fxg3+ {[%emt 0:00:27]} 32. Bxg3 {[%emt 0:01:12]} Be6 {[%emt 0:05:23]} 33. Qe2 {[%emt 0:00:33]} Qf5 {[%emt 0:01:49]} 34. Rxc5 {[%emt 0:00:22]} Qxh3+ {[%emt 0:01:26]} 35. Kg1 {[%emt 0:00:03]} bxc5 {[%emt 0:00:44]} 36. Qxe6+ {[%emt 0:00:24]} Qxe6 {[%emt 0:00:08]} 37. Rxe6 {[%emt 0:00:03]} d3 {[%emt 0:01:01]} 38. Kf1 {[%emt 0:02:54]} c4 {[%emt 0:01:32]} 39. Re7 {[%emt 0:05:43]} Bf6 {[%emt 0:03:16]} 40. Rxa7 {[%emt 0:02:09]} c3 {[%emt 0:00:09]} 41. Nb3 {[%emt 0:00:53]} d2 {[%emt 0:00:32]} 42. Bf3 {[%emt 0:01:02]} c2 {[%emt 0:00:11]} 0-1

[Event "POR-ch 2020"]
[Site "Portimao"]
[Date "2020.09.12"]
[Round "7.3"]
[White "Veiga, Jose Francisco R P N"]
[Black "Santos, Antonio P"]
[Result "1-0"]
[WhiteElo "2344"]
[BlackElo "2160"]
[Annotator "TA"]
[PlyCount "79"]
[EventDate "2020.09.07"]
[EventType "tourn"]
[EventCountry "POR"]
[SourceTitle "playchess.com"]
[Source "ChessBase"]
[SourceQuality "1"]

{[%evp 14,79,43,42,52,16,25,8,65,49,52,30,118,129,154,139,133,98,102,100,99,100,103,51,232,253,244,246,242,244,242,231,275,281,482,479,598,443,456,427,546,250,603,129,205,0,0,-23,-26,-127,-120,-114,0,0,0,-30,-29,-505,-496,-399,-82,-730,-397,-635,479,470,1405,1235]} 1. e4 c5 2. Nf3 Nc6 3. d4 cxd4 4. Nxd4 e6 5. Nc3 Qc7 6. Be3 a6 7. Qd2 b5 8. O-O-O Bb7 {B48: Sicilian: Taimanov: 5 Nc3 Qc7 6 Be3 a6 without Be2.} 9. f3 Nf6 10. g4 d6 (10... b4 $11 11. Na4 Nxd4 12. Bxd4 (12. Qxd4 d5 $11) 12... d5) 11. g5 Nd7 12. h4 Nc5 {[#]} (12... Nce5 $11 {keeps the balance.}) 13. Bxb5 $146 ({Predecessor:} 13. h5 b4 14. Nce2 Nxd4 15. Nxd4 a5 {1-0 (15) Doknjas,N-Plesca,C Maribor 2012}) 13... axb5 14. Ndxb5 {[%mdl 64] Double Attack} Qd8 15. Bxc5 dxc5 16. Qh2 $36 {[%mdl 2048] White is in control.} Nd4 17. Nc7+ {[%mdl 64] Double Attack} Kd7 18. Nxa8 (18. N3b5 $1 $16 {[%cal Rb5d4]} Kc6 19. c3) 18... Qxa8 $2 (18... Bd6 $14 19. e5 Be7) 19. Nb5 $1 $18 {[%cal Rb5d4]} Kc6 20. c4 $1 {[%csl Gb5][%cal Rh2c7]} (20. Nxd4+ cxd4 21. Kb1 Bd6 $14) 20... Qd8 21. Qe5 {[%cal Rb5d4]} Bd6 22. Qxg7 ({Stronger than} 22. Nxd6 Qxd6 23. Qxg7 Qf4+ 24. Kb1 Qxf3 $17) (22. Nxd4+ $6 cxd4 23. Qxg7 (23. Qb5+ Kc7 $16) 23... e5 $16) 22... Bf4+ 23. Kb1 e5 $2 (23... Rf8 24. Nxd4+ cxd4 25. Rxd4 Qb8) 24. Qxf7 Ba6 25. Nxd4+ cxd4 26. b4 Bc8 27. Rhg1 (27. Rd3 $142) 27... Qd6 $2 (27... Qd7 28. Qf6+ {[%mdl 64] Double Attack} Qd6 29. b5+ Kd7) 28. Qd5+ $2 (28. c5 $18 {is more deadly.} Qe6 29. Qa7) 28... Qxd5 (28... Kc7 $16 {was worth a try.}) 29. cxd5+ $2 (29. exd5+ $18 Kd6 30. Kb2) 29... Kb5 $11 30. h5 Kxb4 31. g6 (31. Rg2 $1 $11) 31... hxg6 32. hxg6 Ba6 ({Better is} 32... Kc3 $1 $17) 33. g7 Rg8 34. Rg2 d3 {And now ...Kc3 would win.} 35. d6 $2 {[%mdl 8192] [#]} (35. Kb2 $11 {and White has nothing to worry.}) 35... Kc3 $1 $19 36. d7 d2 $2 (36... Bc4 $19 {and Black stays clearly on top.} 37. Rb2 Bg5) 37. Rg6 $2 {[%mdl 8192]} (37. d8=Q $17 Rxd8 38. g8=Q Rxg8 39. Rxg8) 37... Bd3+ 38. Ka1 Kc2 $4 {[%mdl 8192] [#]} (38... Be3 $19 {and all is fine.} 39. Rd6 Rd8 40. Rc6+ Bc4) 39. Rb1 $1 $18 {Threatens to win with Rc6+.} Kc3 (39... Be3 $142 40. Rc6+ Bc4 41. Rxc4+ Kd3) 40. Rb3+ {What a fight! Accuracy: White = 51%, Black = 42%.} 1-0

[Event "POR-ch 2020"]
[Site "Portimao"]
[Date "2020.09.12"]
[Round "7.4"]
[White "Sousa, Andre Ventura"]
[Black "Fernandes, Antonio"]
[Result "1-0"]
[WhiteElo "2378"]
[BlackElo "2359"]
[Annotator "TA"]
[PlyCount "221"]
[EventDate "2020.09.07"]
[EventType "tourn"]
[EventCountry "POR"]
[SourceTitle "playchess.com"]
[Source "ChessBase"]
[SourceQuality "1"]

{[%evp 11,221,0,19,3,12,13,14,15,22,11,25,26,38,38,40,31,50,52,54,32,41,31,73,73,70,28,66,28,80,35,71,62,80,48,74,76,82,95,107,63,125,68,88,58,51,0,0,3,18,11,102,98,154,152,207,197,207,207,207,207,207,207,207,207,207,207,207,207,209,209,209,200,200,195,200,195,195,195,195,170,170,179,209,200,209,164,209,179,209,68,92,0,68,70,209,0,141,108,106,106,195,172,209,209,209,209,209,209,209,209,209,208,209,195,195,195,195,195,195,195,195,195,195,171,195,171,172,171,271,271,271,271,271,271,271,271,271,271,271,271,271,271,271,271,271,245,271,271,271,271,271,272,272,221,229,229,229,196,171,102,95,92,613,568,675,642,2443,1912,2150,0,0,0,0,0,0,0,0,0,0,0,0,0,0,0,0,0,16,2,268,228,1871,715,1376,1560,1376,1398,1120,450,554,518,6531,4025,29979,29980,29980,29981,29981,29982,29982,29983,29983,29984]} 1. e4 c6 2. d4 d5 3. e5 Bf5 4. h4 h5 5. Bd3 Bxd3 6. Qxd3 e6 7. Bg5 {B12: Caro-Kann: Advance Variation.} Be7 8. Nf3 Nh6 9. Bxh6 {The position is equal.} Rxh6 10. Nbd2 Na6 11. a3 c5 12. c3 {[#]} c4 $146 ({Predecessor:} 12... Rc8 13. b4 cxd4 14. cxd4 Kf8 15. Ke2 g6 16. Qb5 Rc7 17. Rac1 Nb8 18. Nb3 a6 {1-0 (59) Sutovsky,E (2625)-David,A (2574) Novi Sad 2016}) 13. Qe3 Nc7 14. Ng5 Rh8 15. Rh3 Qd7 16. Rg3 f6 17. Ngf3 Rh7 18. Kf1 O-O-O 19. Kg1 Kb8 (19... Qa4 $11) 20. Qe1 Bf8 21. Qb1 Rh8 22. a4 Ka8 23. b3 Qc6 24. Rg6 f5 25. Qa2 {[%cal Rb3c4]} Rc8 (25... Qe8 $14 26. Rg3 cxb3 27. Qxb3 f4) 26. Rb1 (26. bxc4 $16 dxc4 27. Nxc4 (27. Qxc4 Qe8 $11)) 26... Rh6 27. Rxh6 gxh6 28. b4 (28. bxc4 $14 dxc4 29. Qxc4 (29. Nxc4 Nd5 $11)) 28... Qd7 $11 29. Nf1 Qf7 30. b5 Ne8 (30... f4 $11) 31. Ng3 $1 $16 Qg6 (31... Ng7 $142) 32. Ne2 Ng7 (32... f4 $16) 33. g3 Be7 34. Nf4 Qf7 35. a5 Rd8 36. Kf1 Kb8 37. Qd2 Kc8 38. Ne1 Kd7 39. Neg2 Ke8 40. Ne3 Kf8 41. Nd1 Kg8 42. Qe2 Kh7 43. Nb2 Rc8 44. Na4 Qe8 45. Qc2 Kg8 46. Kg1 Qf7 47. Kh2 Qe8 48. Kh3 Qf7 49. Qd2 Kh7 50. Ne2 (50. Qb2 $18) 50... Qg6 $1 $14 51. Rf1 {[#]} ({White should try} 51. Qf4 $16) 51... Qe8 (51... Bxh4 $1 $11 {[%mdl 512]} 52. gxh4 Qg4+ 53. Kh2 Qxh4+ 54. Kg2 Qg4+ 55. Kh2 Qh4+ 56. Kg1 Qg4+ 57. Kh2 Qh4+) 52. Qb2 $1 Qg6 (52... b6 $14) 53. Qc2 $2 {[#]} (53. b6 $18 a6 54. Nf4) 53... Kg8 (53... Bxh4 $1 $11 {[%mdl 512] remains equal.} 54. Nf4 (54. gxh4 Qg4+ 55. Kh2 Qxh4+ 56. Kg2 Qg4+ 57. Kh2 Qh4+ 58. Kg2 Qg4+ 59. Kh2 Qh4+ $11) 54... Qg4+ 55. Kg2 Be7) 54. Nf4 Qe8 55. Qb2 Kh7 (55... b6 $16) 56. Ra1 Qd8 57. Qb1 Qe8 58. Ra2 Qf7 59. Kg2 Kg8 60. Kf1 Kh7 61. Ke1 Kg8 62. Nb2 Qe8 63. Nd1 Qf7 64. Ne3 Bd8 65. Nc2 Qe8 66. Qb4 Be7 67. Qa4 Kh7 68. Nb4 Rd8 69. Kd2 Qf8 (69... Rb8 $142 70. Nc2 Kg8) 70. a6 $18 b6 {Black hopes to continue with ...Bxb4.} 71. Nc6 {[%mdl 64] Double Attack} Rd7 72. Qd1 Qe8 73. Qf3 Bf8 74. Ra1 Rc7 75. Re1 Rd7 76. Kc2 Kg8 77. Rg1 Kh7 78. Kb1 Qf7 79. Qd1 Rc7 80. Qc2 Kg8 81. Rf1 Qe8 82. f3 Qf7 83. Qg2 Be7 84. Ka1 Qe8 85. g4 ({White should play} 85. Kb2 $18) 85... fxg4 $16 86. fxg4 {Threatens to win with Nxh5.} hxg4 $2 {[%mdl 8192]} (86... Bxh4 $16 87. gxh5 Bg5) 87. Qxg4 $18 Rxc6 {[#]} 88. Rg1 $1 {[%csl Gg1][%cal Rg4g7][%mdl 512]} Bf8 89. Nh5 Qe7 90. Qxg7+ $2 (90. Kb1 $18 Qa3 91. bxc6 Qb3+ 92. Kc1 $1 {[%mdl 512]} Qxc3+ 93. Kd1 $1 {[%mdl 512]}) 90... Bxg7 $11 91. Rxg7+ Qxg7 92. Nxg7 $18 {[%mdl 4096] Endgame KR-KN} Rc8 93. Nxe6 Kf7 94. Nf4 Rd8 95. Kb2 Ke7 96. Kc2 Rd7 97. Kd2 Kf8 98. Ke3 Kg7 99. Kf3 Rf7 $2 {[%mdl 8192]} (99... Kf8 $1 $11 {and Black has nothing to worry.}) 100. Kg4 Rd7 $2 (100... Kf8 101. Nxd5 Rf2) 101. Nh5+ (101. e6 $142 Rd8 102. Kf5) 101... Kf8 102. Kf5 Rf7+ {[#]} 103. Nf6 $1 Ke7 104. Kg6 (104. h5 $142 Rf8 105. Kg6) 104... h5 105. Nxd5+ Ke6 (105... Kf8 $142 106. Kxh5 Rg7) 106. Nf6 Rf8 107. d5+ {White mates.} Kxe5 108. Nd7+ {[%mdl 64] Double Attack} Kxd5 109. Nxf8 Ke4 110. Nd7 Kd3 {[#]} 111. Nxb6 $1 {[%mdl 64] Promotion. Accuracy: White = 75%, Black = 60%.} 1-0